000 00444nam a2200181Ia 4500
005 20240823062931.0
008 240823s9999||||xx |||||||||||||| ||und||
082 _A658 N5
100 _aLallan Prasad
245 0 _aManagement Principles and Practice
250 _a1sr-Re
260 _c1995
_b"S.Chand,New Delhi"
500 _aYES
650 _aManagement
_bManagement Studies
700 _a Gulshan S S
942 _cBK
999 _c237061
_d237061